Southville International School and Colleges
Your cart is empty.
  • Cart
  • Lists
    Public lists Eva Luna New books Lux_list list_1
    Your lists Log in to create your own lists
  • Log in to your account
  • Your cookies
  • Search history
Southville International School and Colleges
  • Advanced search
  • Recent comments
  • Most popular
  • Libraries

Log in to your account

Log in with GOOGLE


If you do not have an external account, but do have a local account, you can still log in:

  1. Home
  2. MARC view: Algebra concepts and processes /
Normal view MARC view ISBD view

Algebra concepts and processes / (Record no. 16323)

[ view plain ]
MARC details
000 -LEADER
fixed length control field 00501nam a22001697a 4500
003 - CONTROL NUMBER IDENTIFIER
control field OSt
005 - DATE AND TIME OF LATEST TRANSACTION
control field 20141103092155.0
008 - FIXED-LENGTH DATA ELEMENTS--GENERAL INFORMATION
fixed length control field 130302t xxu||||| |||| 00| 0 eng d
020 ## - INTERNATIONAL STANDARD BOOK NUMBER
International Standard Book Number 971-08-6580-3
050 ## - LIBRARY OF CONGRESS CALL NUMBER
Classification number QA 154.2
Item number .Ac173 2005
082 ## - DEWEY DECIMAL CLASSIFICATION NUMBER
Classification number M 512 .Ac173 2005
Item number .Ac173 2005
100 ## - MAIN ENTRY--PERSONAL NAME
Personal name Acelajado, Maxima J.
245 ## - TITLE STATEMENT
Title Algebra concepts and processes /
Statement of responsibility, etc Maxima J. Acelajado.
260 ## - PUBLICATION, DISTRIBUTION, ETC. (IMPRINT)
Place of publication, distribution, etc Mandaluyong City :
Name of publisher, distributor, etc National Book Store Inc.,
Date of publication, distribution, etc 2005.
300 ## - PHYSICAL DESCRIPTION
Extent 482 p.
Dimensions 25 cm.
942 ## - ADDED ENTRY ELEMENTS (KOHA)
Source of classification or shelving scheme Library of Congress Classification
Koha item type Books
Holdings
Withdrawn status Lost status Source of classification or shelving scheme Damaged status Home library Current library Shelving location Date acquired Total Checkouts Full call number Barcode Date last seen Copy number Price effective from Koha item type
    Library of Congress Classification   College Library College Library Filipiniana Section 03/02/2013   QA 154.2 .Ac173 2005 c14616 05/08/2018 1 03/02/2013 Books

Algebra concepts and processes /

APA

Acelajado M. J., . (2005). Algebra concepts and processes. Mandaluyong City: National Book Store Inc.

Chicago

Acelajado Maxima J, . 2005. Algebra concepts and processes. Mandaluyong City: National Book Store Inc.

Harvard

Acelajado M. J., . (2005). Algebra concepts and processes. Mandaluyong City: National Book Store Inc.

MLA

Acelajado Maxima J, . Algebra concepts and processes. Mandaluyong City: National Book Store Inc. 2005.

  • Place hold
  • Print
  • Cite
  • Add to your cart (remove)
  • Save record
    BIBTEX Dublin Core MARCXML MARC (non-Unicode/MARC-8) MARC (Unicode/UTF-8) MARC (Unicode/UTF-8, Standard) MODS (XML) RIS
  • More searches
    Search for this title in:
    Other Libraries (WorldCat) Other Databases (Google Scholar) Online Stores (Bookfinder.com) Open Library (openlibrary.org)

Exporting to Dublin Core...

SOUTHVILLE LIBRARY

Southville International School and Colleges Library

1281 Tropical Ave. Cor. Luxembourg St., BF Homes International, Las Pinas City

Tel. No. 8256374 / 252358 Loc. 117/146

Powered by Koha